Диагностика и повышение качества породоразрушающего инструмента; Известия Томского политехнического университета [Известия ТПУ]; Т. 305, вып. 5
| Parent link: | Известия Томского политехнического университета [Известия ТПУ]/ Томский политехнический университет (ТПУ).— , 2000- Т. 305, вып. 5.— 2002.— [С. 123-126] |
|---|---|
| Hovedforfatter: | |
| Andre forfattere: | , |
| Summary: | Заглавие с титульного листа Электронная версия печатной публикации Рассмотрено влияние криогенной, радиационной и комплексной криогенно-радиационной обработки на износостойкость породоразрушающего инструмента. Установлено, что криогенно-радиационная обработка является наиболее эффективным способом повышения качества породоразрушающего инструмента. |
| Sprog: | russisk |
| Udgivet: |
2002
|
| Fag: | |
| Online adgang: | http://www.lib.tpu.ru/fulltext/v/Bulletin_TPU/2002/v305/i5/21.pdf |
| Format: | MixedMaterials Electronisk Book Chapter |
| KOHA link: | https://koha.lib.tpu.ru/cgi-bin/koha/opac-detail.pl?biblionumber=165791 |
MARC
| LEADER | 00000nla2a2200000 4500 | ||
|---|---|---|---|
| 001 | 165791 | ||
| 005 | 20231031161932.0 | ||
| 035 | |a (RuTPU)RU\TPU\book\179842 | ||
| 035 | |a RU\TPU\book\179830 | ||
| 090 | |a 165791 | ||
| 100 | |a 20090922d2002 k y0rusy50 ca | ||
| 101 | 0 | |a rus | |
| 102 | |a RU | ||
| 135 | |a drnn ---uucaa | ||
| 181 | 0 | |a i | |
| 182 | 0 | |a b | |
| 200 | 1 | |a Диагностика и повышение качества породоразрушающего инструмента |b Электронный ресурс |f А. П. Мамонтов, А. И. Рябчиков, В. Л. Чахлов | |
| 203 | |a Текст |c электронный | ||
| 215 | |a 1 файл (2 Мб) | ||
| 230 | |a Электронные текстовые данные (1 файл : 2 Мб) | ||
| 300 | |a Заглавие с титульного листа | ||
| 300 | |a Электронная версия печатной публикации | ||
| 320 | |a Библиогр.: 5 назв. | ||
| 330 | |a Рассмотрено влияние криогенной, радиационной и комплексной криогенно-радиационной обработки на износостойкость породоразрушающего инструмента. Установлено, что криогенно-радиационная обработка является наиболее эффективным способом повышения качества породоразрушающего инструмента. | ||
| 337 | |a Adobe Reader | ||
| 461 | 1 | |0 (RuTPU)RU\TPU\book\176237 |t Известия Томского политехнического университета [Известия ТПУ] |f Томский политехнический университет (ТПУ) |d 2000- | |
| 463 | 1 | |0 (RuTPU)RU\TPU\book\179741 |t Т. 305, вып. 5 |o тематический выпуск НИИ интроскопии и кафедры "Физические методы и приборы контроля качества" |f Томский политехнический университет (ТПУ), Научно-исследовательский институт интроскопии (НИИ ИН) ; под ред. В. Л. Чахлова, О. И. Сидуленко, В. К. Кулешова |v [С. 123-126] |d 2002 | |
| 610 | 1 | |a труды учёных ТПУ | |
| 610 | 1 | |a электронный ресурс | |
| 610 | 1 | |a диагностика | |
| 610 | 1 | |a качество | |
| 610 | 1 | |a породоразрушающие инструменты | |
| 610 | 1 | |a криогенная обработка | |
| 610 | 1 | |a радиационная обстановка | |
| 610 | 1 | |a износостойкость | |
| 610 | 1 | |a криогенно-радиационная обработка | |
| 700 | 1 | |a Мамонтов |b А. П. |c российский физик |c профессор Томского политехнического университета |c Заслуженный изобретатель РФ |f 1934- |g Аркадий Павлович |2 stltpush |3 (RuTPU)RU\TPU\pers\21984 | |
| 701 | 1 | |a Рябчиков |b А. И. |c физик |c профессор Томского политехнического университета, доктор физико-математических наук |f 1950- |g Александр Ильич |2 stltpush |3 (RuTPU)RU\TPU\pers\22006 | |
| 701 | 1 | |a Чахлов |b В. Л. |c физик |c заслуженный деятель науки и техники Российской Федерации |c заслуженный профессор Томского политехнического университета, доктор технических наук |f 1934-2011 |g Владимир Лукьянович |2 stltpush |3 (RuTPU)RU\TPU\pers\19882 | |
| 801 | 1 | |a RU |b 63413507 |c 20090623 |g PSBO | |
| 801 | 2 | |a RU |b 63413507 |c 20210419 |g PSBO | |
| 856 | 4 | |u http://www.lib.tpu.ru/fulltext/v/Bulletin_TPU/2002/v305/i5/21.pdf | |
| 942 | |c CF | ||